Trouvez le nom de ces caractères spéciaux - Statistiques

Statistiques générales
  • Ce quiz a été pris 73 fois
  • Le résultat moyen est 21 sur 30
Statistiques - réponses
Caractères spéciaux Nom du caractère % Correct
% Pourcent
97%
Euro
92%
@ Arobase
91%
$ Dollar
91%
? Point d'interrogation
91%
é (nom accent) Aigu
89%
! Point d'exclamation
89%
' Apostrophe
86%
( ) Parenthèses
86%
ç Cédille
85%
è (nom accent) Grave
85%
« » Guillemets
82%
* Astérisque
80%
/ Barre oblique
80%
[ ] Crochets
79%
ê (nom accent) Circonflexe
77%
ë (nom accent) Tréma
76%
& Esperluette
71%
# Croisillon
70%
Environ
68%
§ Paragraphe
68%
° Degré
61%
© Copyright
56%
µ Micro
56%
ñ (nom accent) Tilde
52%
{ } Accolade
44%
> Supérieur à
36%
ß Eszett
12%
® Marque déposée
11%
Pied de mouche
6%
Aucun quiz correspondant
Distribution des résultats
% des personnes avec chaque résultat
Percentile par nombre de réponses
Votre historique - résultats
Vous n’avez pas pris ce quiz